00633cam a2200181 a 4500008004100000020002500041245013900066260004000205300003400245500002000279504004100299650002500340650003400365650002500399003000100424005001700425040000900442  a9781856423205 (pbk.)00aForensic mental health nursing :bforensic aspects of acute care /cedited by national forensic nurses research and development group. aOxford :bBlackwell Science,c2007. axiv, 302 p. :bill. ;c25 cm. aIncludes index. aIncludes bibliographical references. 0aPsychiatric nursing. 0aForensic psychiatric nursing. 2aForensic Psychiatry.20230123122245.0 cNUST